|
|
|
|
| LEADER |
00705nam a2200217 a 4500 |
| 001 |
000570208 |
| 003 |
CZ BrMZK |
| 005 |
20010205143423.0 |
| 008 |
000105s1932 xr f cze d |
| 040 |
|
|
|a BOA001
|b cze
|c BOA001
|
| 100 |
1 |
|
|a Eliáš, Rudolf,
|d 1878-1964
|7 jk01030417
|
| 245 |
1 |
0 |
|a Věnec přání /
|c mládeži napsal Rudolf Eliáš
|
| 250 |
|
|
|a 2. vyd.
|
| 260 |
|
|
|a Slezská Ostrava :
|b Pavlát a spol.,
|c 1932
|
| 300 |
|
|
|a 92 s.
|
| 490 |
1 |
|
|a Knihovna zábavy a poučení
|
| 830 |
|
0 |
|a Knihovna zábavy a poučení
|
| 910 |
|
|
|a BOA001
|b PK-0022.529
|
| 964 |
|
|
|a Gratulace - sbírky
|
| 990 |
|
|
|a BK
|
| 996 |
7 |
|
|b 3119693031
|c PK-0022.529
|l MZK
|r Sklad / do 1 hodiny
|n 1
|w 000570208
|u 000010
|a 1
|e BOA001
|j MZK50
|s A
|